000 00271nam a22001217a 4500
008 170621b xxu||||| |||| 00| 0 eng d
041 _aeng
080 _26 ED
_a32
100 _a20
101 _ashp
245 _aNEW AMERICAN DEMOCRACY
_cPETRSON.F
942 _2udc
_cBK
999 _c18402
_d18402